| 000 | 00896cab a2200193 4500 | ||
|---|---|---|---|
| 001 | ABS41604 | ||
| 008 | 090401t1989 xxu||||| |||| 00| 0 eng d | ||
| 035 | _a(Sirsi) u31138 | ||
| 041 | _aeng | ||
| 245 | _aBuying a house in France | ||
| 260 | _c1989 | ||
| 350 | _a0 | ||
| 490 |
_aTelegraph Weekend Magazine _v30 September 1989 62-66 |
||
| 520 | _aThree part series offering guidance to the prospective buyer of residential property in France . Lists the main French estate agencies , property magazines, French banks in Britain and British banks in France and gives examples of the experiences of people who have already bought. Examines taxation , rates , insurance , inheritance and death duties and gives sources of legal and practical information on French property. | ||
| 650 | _aFEDERATION NATIONALE D AGENTS IMMOBILIERS | ||
| 690 | _aOVERSEAS | ||
| 942 | _n0 | ||
| 948 | _c04/03/1997 | ||
| 999 |
_c20917 _d20917 |
||